000 007540000a22001450004500
090 _aT R177h
001 14744
100 1 _aRamírez Delgado, Abraham
245 1 0 _aHacia un modelo pastoral en la iglesia en tiempos postmodernos: una propuesta para la Iglesia Alianza Cristiana y misionera de Colombia (Medellín) basado en la exégesis de 1 Timoteo 4:1-8 / Abraham Ramírez Delgado
260 _aMedellín :FUSBC
300 _a91 Pág
500 _aMonitor: Mag. Néstor Raúl Rodríguez Irázoqui. Jurados: Mag. Lucy Larrahondo, Dr. Fernando Mosquera
520 _a1. Razones y beneficios de la investigación. 2. Objetivo general de la investigación. 3. Formulación del problema de investigación. 4. Caracteres de la investigación
942 _cBK
999 _c43586
_d43586